000 01378nam a22003377a 4500
003 CHAP
005 20220817044222.0
008 080619s2006 mx a r 00010 spa d
010 _a94935
011 _a95907
020 _a9686521046
035 _a106541
040 _cCHAP
082 0 4 _a581.151
_bM6
100 0 0 _aMolina Moreno, Juan Celestino
_e, comp.
_977374
245 1 0 _aRecursos fitogenéticos en México para la alimentación y la agricultura :
_binforme nacional 2006
_c/compilado y editado por Juan C. Molina Moreno y Leobigildo Córdova Téllez
260 _aChapingo, Méx. :
_bSecretaría de Agricultura, Ganadería, Desarrollo Rural, Pesca y Alimentación,
_c2006
300 _a164 p. :
_bilus. ; gráfs. ; cuadros
590 _aBATCH-UPD
_b10
_c20130110
_lUCH01
_h1636
590 _aBATCH-UPD
_b10
_c20130410
_lUCH01
_h1028
590 _aBATCH-UPD
_b10
_c20130914
_lUCH01
_h0215
590 _aCONVERSION
_b10
_c20130109
_lUCH01
_h1352
650 1 4 _aAlimentos
_xAbastecimiento.
650 1 4 _aRecursos genéticos.
_995078
700 0 _aCórdova Téllez, Leobigildo
_e, comp.
_927856
901 _aBK
942 _cLIBRO
949 _a581.151 M6
_bBC
_cLIBRO
_d33724002055652
_eLIBRO
_h109657
_i106541
_si
949 _a581.151 M6
_bBC
_cLIBRO
_d33724002055660
_eLIBRO
_fc.2
_h109658
_i106541
_si
949 _a581.151 M6
_bBC
_cLIBRO
_d33724002055678
_eLIBRO
_fc.3
_h109659
_i106541
_si
999 _c94935
_d94935